Nový závod

Bibliographic Details
Format: Article
Language:Slovak
PhysicalDescription:3 foto
Subjects:

MARC

LEADER 00000nab a2200000 a 4500
001 vtls001015712
003 SK-MaSNL
005 20260303042704.0
008 040720e19790000xo 0 slo
035 |a SN1664 
040 |a SNSK  |b slo  |c SNSK  |e AACR2 
041 0 |a slo 
044 |a xo  |c SK 
080 |a 615.79  |2 1981 
245 0 0 |a Nový závod 
300 |b 3 foto 
650 0 7 |a minerálne vody   |2 SNSK  |9 50838 
650 0 7 |a výroba  |2 SNSK  |9 15916 
650 0 7 |a informácie  |2 SNSK  |9 1285 
651 7 |a Baldovce (Slovensko)  |2 SNSK  |9 57180 
651 7 |a SN,  |2 SNSK  |9 1021277 
655 7 |a periodikum  |2 snkbucl  |9 29553 
773 0 8 |t Slovenské kúpele  |g Roč. 21, č.4 (1979), s. 27 
852 |a ZVYKNI  |b KIS3GCP 
999 |c 1693316  |d 1695246